Statistics for Find the Liars - Landmarks Edition

Click here to take the quiz!

General Stats

  • This quiz has been taken 14 times
  • The average score is 35 of 48

Answer Stats

QuestionTileSelect% Correct
Buildings completed after 1600Forbidden City, 1420No
100%
Buildings completed after 1600Parthenon, 438 B.C.No
100%
Buildings completed after 1600Tikal, 900No
100%
Buildings completed after 1600Alhambra, 1354No
92%
Buildings not in EuropeAlhambra, SpainNo
92%
Buildings completed after 1600Angkor Wat, ca. 12th centuryNo
92%
Buildings shorter than 400 metersBurj Khalifa, 828 mNo
92%
Buildings not in EuropeFlorence Cathedral, ItalyNo
92%
Buildings completed after 1600Machu Picchu, ca. 15th centuryNo
92%
Buildings shorter than 400 metersOne World Trade Center, 541 mNo
92%
Buildings not in EuropePantheon, ItalyNo
92%
Buildings not in EuropeParthenon, GreeceNo
92%
Buildings shorter than 400 metersPetronas Towers, 451 mNo
92%
Buildings completed after 1600Sainte-Chapelle, 1248No
92%
Buildings shorter than 400 metersShanghai Tower, 632 mNo
92%
Buildings not in EuropeSistine Chapel, Vatican CityNo
92%
Buildings completed after 1600Westminster Abbey, 1065No
92%
Buildings not in EuropeWestminster Abbey, UKNo
92%
Buildings shorter than 400 metersWillis Tower, 442 mNo
92%
Buildings shorter than 400 metersWuhan Greenland Center, 476 mNo
92%
Buildings shorter than 400 metersAbraj Al-Bait Clock Tower, 601 mNo
85%
Buildings not in EuropeBran Castle, RomaniaNo
85%
Buildings completed after 1600Drum Tower, 1273No
85%
Buildings not in EuropeRijksmuseum, The NetherlandsNo
85%
Buildings not in EuropeSagrada Família, SpainNo
85%
Buildings shorter than 400 metersShanghai World Financial Center, 492 mNo
85%
Buildings shorter than 400 metersTaipei 101, 508 mNo
85%
Buildings completed after 1600Tower of London, 1078No
85%
Buildings not in EuropeTurning Torso, SwedenNo
85%
Buildings shorter than 400 metersWuhan Center, 438 mNo
85%
Buildings completed after 1600Chatres Cathedral, ca. 12th centuryNo
77%
Buildings not in EuropeElizabeth Tower, UKNo
69%
Buildings shorter than 400 metersLakhta Center, 462 mNo
69%
Buildings completed after 1600St. Marks Cathedral, 1071No
69%
Buildings not in EuropePetra, GreeceYes
62%
Buildings not in EuropeCathedral of Christ the Saviour, RussiaNo
54%
Buildings shorter than 400 metersTrump International Hotel and Tower, 423 mNo
54%
Buildings completed after 1600Eiffel Tower, 1421Yes
46%
Buildings not in EuropePotala Palace, CroatiaYes
38%
Buildings not in EuropeSantuario de Las Lajas, SpainYes
38%
Buildings shorter than 400 metersThe Shard, 416 mYes
38%
Buildings shorter than 400 metersBurj al Arab, 421 mYes
31%
Buildings shorter than 400 metersChrysler Building, 458 mYes
31%
Buildings not in EuropeJardin Majorelle, FranceYes
31%
Buildings completed after 1600Taj Mahal, 1518Yes
15%
Buildings completed after 1600Buddhas Perfume Tower, 1376Yes
8%
Buildings shorter than 400 metersEmpire State Building, 456 mYes
8%
Buildings completed after 1600Himeji Castle, 1472Yes
8%

Score Distribution

Percentile by Number Answered

Percent of People with Each Score

Your Score History

You have not taken this quiz